[Event "Madrid-ch Previa A"]
[Site "Madrid"]
[Date "2023.02.20"]
[Round "7.20"]
[White "Camarero Izquierdo, Juan Carlos"]
[Black "Lopez Heras, Arturo"]
[Result "0-1"]
[WhiteElo "1651"]
[BlackElo "1701"]
[PlyCount "98"]
[EventDate "2023.02.06"]
[EventType "swiss"]
[EventRounds "9"]
[EventCountry "ESP"]
[SourceTitle "EXT 2024"]
[Source "ChessBase"]
[SourceDate "2023.10.10"]
[SourceVersion "1"]
[SourceVersionDate "2023.10.10"]
[SourceQuality "1"]

1. e4 c5 2. Nf3 d6 3. d4 cxd4 4. Nxd4 Nf6 5. Nc3 a6 6. Bg5 e6 7. Qd2 Be7 8. f3 h6 9. Be3 b5 10. Bd3 Bb7 11. 0-0-0 Nbd7 12. g4 Ne5 13. h4 Qc7 14. g5 hxg5 15. hxg5 Nh5 16. f4 Nxd3+ 17. Qxd3 g6 18. Rhe1 0-0-0 19. Ncxb5 axb5 20. Nxb5 Qa5 21. Qc4+ Kd7 22. Nxd6 Bxd6 23. e5 Bd5 24. Rxd5 exd5 25. Qe2 Bb4 26. c3 Bxc3 27. Rd1 Qxa2 28. Qb5+ Ke6 29. f5+ Kxe5 30. bxc3 Qa1+ 31. Kc2 Qa2+ 32. Kc1 Kxf5 33. Qf1+ Ke6 34. Qh3+ Kd6 35. Rd2 Qa1+ 36. Kc2 Qa4+ 37. Kc1 Qe4 38. Rd4 Qe6 39. Qh2+ Kc6 40. Qe2 Ng3 41. Qa6+ Kd7 42. Qb5+ Ke7 43. Rd3 Rh1+ 44. Kc2 Rh2+ 45. Kb1 Ne4 46. Bc5+ Nxc5 47. Qxc5+ Qd6 48. Qa7+ Kf8 49. Qd4 Rb8+ 0-1

[Event "Madrid-ch Previa A"]
[Site "Madrid"]
[Date "2023.02.15"]
[Round "6.14"]
[White "Lopez Heras, Arturo"]
[Black "Javaloyes Ruiz, Miguel"]
[Result "0-1"]
[WhiteElo "1701"]
[BlackElo "1432"]
[PlyCount "44"]
[EventDate "2023.02.06"]
[EventType "swiss"]
[EventRounds "9"]
[EventCountry "ESP"]
[SourceTitle "EXT 2024"]
[Source "ChessBase"]
[SourceDate "2023.10.10"]
[SourceVersion "1"]
[SourceVersionDate "2023.10.10"]
[SourceQuality "1"]

1. e4 c6 2. d4 d5 3. f3 e6 4. Nc3 Bb4 5. Bf4 Ne7 6. e5 Nd7 7. Bd3 c5 8. Bb5 Qa5 9. Bxd7+ Bxd7 10. Nge2 cxd4 11. Nxd4 Bxc3+ 12. bxc3 Qxc3+ 13. Kf2 Rc8 14. Rb1 b6 15. Re1 Rc4 16. Be3 Ba4 17. Re2 0-0 18. Qd2 Qa3 19. Nb3 Rfc8 20. Qd1 Nf5 21. Bc1 Qb4 22. Nd2 Qc5+ 0-1

[Event "Madrid-ch Previa A"]
[Site "Madrid"]
[Date "2023.02.07"]
[Round "2.28"]
[White "Lopez Heras, Arturo"]
[Black "Lopez Manso, Jeronimo"]
[Result "1-0"]
[WhiteElo "1701"]
[BlackElo "1422"]
[PlyCount "55"]
[EventDate "2023.02.06"]
[EventType "swiss"]
[EventRounds "9"]
[EventCountry "ESP"]
[SourceTitle "EXT 2024"]
[Source "ChessBase"]
[SourceDate "2023.10.10"]
[SourceVersion "1"]
[SourceVersionDate "2023.10.10"]
[SourceQuality "1"]

1. e4 Nf6 2. e5 Nd5 3. d4 d6 4. Nf3 Bg4 5. Be2 e6 6. 0-0 Be7 7. c4 Nb6 8. Nc3 0-0 9. Be3 f5 10. Qd2 Bxf3 11. gxf3 Qe8 12. Kh1 Nc6 13. exd6 cxd6 14. Rg1 Qf7 15. f4 Bf6 16. d5 Ne7 17. Rad1 e5 18. Nb5 Nec8 19. fxe5 dxe5 20. f4 a6 21. Nc3 Nd6 22. Bxb6 e4 23. Bd4 Rfe8 24. Bxf6 Qxf6 25. Qd4 Kf7 26. c5 Nc8 27. d6 Rd8 28. Bc4+ 1-0

[Event "Madrid-ch Seniors 65+"]
[Site "Madrid"]
[Date "2022.04.19"]
[Round "2"]
[White "Lopez Heras, Arturo"]
[Black "Ramos Antona, Enrique"]
[Result "1/2-1/2"]
[WhiteElo "1739"]
[BlackElo "1540"]
[PlyCount "65"]
[EventDate "2022.04.18"]
[EventType "swiss"]
[EventRounds "7"]
[EventCountry "ESP"]
[SourceTitle "EXT 2023"]
[Source "ChessBase"]
[SourceDate "2022.10.05"]
[SourceVersion "1"]
[SourceVersionDate "2022.10.05"]
[SourceQuality "1"]

1. d4 Nf6 2. c4 e6 3. Nc3 Bb4 4. Qc2 c5 5. a3 Bxc3+ 6. bxc3 h6 7. e4 0-0 8. e5 Ne8 9. d5 d6 10. dxe6 Bxe6 11. Nf3 dxe5 12. Nxe5 Nd7 13. Bf4 Nxe5 14. Bxe5 Qg5 15. Qe4 Nf6 16. Qf4 Qxf4 17. Bxf4 Rfe8 18. 0-0-0 Ne4 19. Be3 b6 20. Kb2 Rad8 21. Be2 Nd6 22. Kb3 Nb7 23. Ka4 Bd7+ 24. Kb3 Na5+ 25. Kc2 Be6 26. a4 Nxc4 27. Bxc4 Bxc4 28. Rxd8 Rxd8 29. a5 g5 30. axb6 axb6 31. h4 f6 32. hxg5 hxg5 33. Ra1 1/2-1/2

[Event "Madrid-ch Seniors 50"]
[Site "Madrid"]
[Date "2022.03.31"]
[Round "4"]
[White "Lopez Heras, Arturo"]
[Black "Lopez Manso, Jeronimo"]
[Result "1-0"]
[WhiteElo "1757"]
[BlackElo "1410"]
[PlyCount "57"]
[EventDate "2022.03.28"]
[EventType "swiss"]
[EventRounds "9"]
[EventCountry "ESP"]
[SourceTitle "EXT 2023"]
[Source "ChessBase"]
[SourceDate "2022.10.05"]
[SourceVersion "1"]
[SourceVersionDate "2022.10.05"]
[SourceQuality "1"]

1. e4 Nf6 2. Nc3 d5 3. exd5 Nxd5 4. Bc4 e6 5. Nf3 Nc6 6. 0-0 a6 7. a4 Nb6 8. Ba2 Bc5 9. Ne4 Qe7 10. Nxc5 Qxc5 11. d4 Qf5 12. c3 h6 13. Re1 Qg4 14. d5 Ne7 15. dxe6 Bxe6 16. Bxe6 fxe6 17. Qb3 Ned5 18. Nd4 0-0 19. a5 Nd7 20. Nxe6 Rf5 21. Nd4 Nc5 22. Qc2 Nf4 23. Bxf4 Rxf4 24. b4 Nd7 25. Rad1 Raf8 26. f3 Qh5 27. Ne6 Rxf3 28. Nxf8 Rxf8 29. Rxd7 1-0

[Event "Madrid-ch Seniors 50"]
[Site "Madrid"]
[Date "2022.03.30"]
[Round "3"]
[White "Garcia Martin, Esteban"]
[Black "Lopez Heras, Arturo"]
[Result "1-0"]
[WhiteElo "1895"]
[BlackElo "1757"]
[PlyCount "61"]
[EventDate "2022.03.28"]
[EventType "swiss"]
[EventRounds "9"]
[EventCountry "ESP"]
[SourceTitle "EXT 2023"]
[Source "ChessBase"]
[SourceDate "2022.10.05"]
[SourceVersion "1"]
[SourceVersionDate "2022.10.05"]
[SourceQuality "1"]

1. c4 e5 2. Nc3 d6 3. g3 g6 4. Bg2 Bg7 5. d3 f5 6. e4 c6 7. Nge2 a5 8. 0-0 Nf6 9. d4 0-0 10. d5 c5 11. f4 Nxe4 12. Nxe4 fxe4 13. Nc3 exf4 14. Bxf4 Bf5 15. Nxe4 Bxb2 16. Nxd6 Bxa1 17. Qxa1 b6 18. Bh6 Ra7 19. Bxf8 Qxf8 20. Nxf5 gxf5 21. Bh3 Rf7 22. Qb1 Qg7 23. Bxf5 Qd4+ 24. Kg2 Kh8 25. Qe1 Kg7 26. Rf4 Qb2+ 27. Rf2 Qd4 28. Qc1 Na6 29. Qg5+ Kf8 30. Qh6+ Kg8 31. Bxh7+ 1-0

[Event "Madrid-ch Previa-A"]
[Site "Madrid"]
[Date "2022.03.23"]
[Round "9"]
[White "Marcos Herrero, Francisco"]
[Black "Lopez Heras, Arturo"]
[Result "1-0"]
[WhiteElo "1897"]
[BlackElo "1757"]
[PlyCount "105"]
[EventDate "2022.03.07"]
[EventType "swiss"]
[EventRounds "9"]
[EventCountry "ESP"]
[SourceTitle "EXT 2023"]
[Source "ChessBase"]
[SourceDate "2022.10.05"]
[SourceVersion "1"]
[SourceVersionDate "2022.10.05"]
[SourceQuality "1"]

1. c4 Nf6 2. g3 g6 3. Bg2 Bg7 4. Nc3 0-0 5. d4 c5 6. Nf3 cxd4 7. Nxd4 Nc6 8. 0-0 Qb6 9. Nc2 Rd8 10. e4 d6 11. h3 Be6 12. Ne3 Ne5 13. b3 Rac8 14. Bb2 Nxc4 15. Nxc4 Bxc4 16. Na4 Qb5 17. bxc4 Rxc4 18. Rb1 Qxa4 19. Qd3 Qc2 20. Qe3 Qa4 21. e5 dxe5 22. Qxe5 Qd7 23. Qe2 Rcc8 24. Bxb7 Rb8 25. Bg2 Nd5 26. Bxg7 Rxb1 27. Rxb1 Kxg7 28. Bxd5 Qxd5 29. Qxe7 Qd7 30. Qxd7 Rxd7 31. Rb5 Kf6 32. Ra5 Ke6 33. h4 h5 34. Kg2 Kd6 35. Kf3 Kc6 36. Kf4 Kb6 37. Ra3 a5 38. Rf3 a4 39. Ke5 Re7+ 40. Kf6 Rb7 41. Rf4 Kb5 42. a3 Ra7 43. f3 Kc5 44. g4 hxg4 45. fxg4 Kd6 46. h5 gxh5 47. gxh5 Ra5 48. Rh4 Ra8 49. h6 Kc5 50. h7 Kb5 51. h8Q Rxh8 52. Rxh8 Kc4 53. Rh3 1-0

[Event "Madrid-ch Previa-A"]
[Site "Madrid"]
[Date "2022.03.21"]
[Round "7"]
[White "De Dompablo Fantova, Juan"]
[Black "Lopez Heras, Arturo"]
[Result "1-0"]
[WhiteElo "1670"]
[BlackElo "1757"]
[PlyCount "135"]
[EventDate "2022.03.07"]
[EventType "swiss"]
[EventRounds "9"]
[EventCountry "ESP"]
[SourceTitle "EXT 2023"]
[Source "ChessBase"]
[SourceDate "2022.10.05"]
[SourceVersion "1"]
[SourceVersionDate "2022.10.05"]
[SourceQuality "1"]

1. e4 g6 2. d4 d6 3. Nc3 Bg7 4. Be3 Nf6 5. Qd2 Nc6 6. f3 0-0 7. 0-0-0 a6 8. Bh6 e5 9. Bxg7 Kxg7 10. dxe5 dxe5 11. Qe3 Qe7 12. g4 Be6 13. Kb1 Rad8 14. Rxd8 Rxd8 15. Nge2 Nd4 16. Ng3 b5 17. h4 b4 18. Nce2 Qc5 19. Nxd4 Rxd4 20. Bd3 a5 21. h5 Qf8 22. hxg6 fxg6 23. Qg5 Qf7 24. Qxe5 Bxa2+ 25. Ka1 Rxd3 26. cxd3 Kg8 27. Qxa5 b3 28. g5 Ne8 29. Qd5 Qxd5 30. exd5 Nd6 31. Ne4 Nf5 32. Nc3 Nd4 33. Nxa2 bxa2 34. Kxa2 Nxf3 35. Rc1 Nxg5 36. Rxc7 Nf7 37. b4 Nd6 38. Rc6 Nb5 39. d6 Kf7 40. Rb6 Nd4 41. Rb7+ Ke6 42. Rxh7 Kxd6 43. Rh6 Kc6 44. Kb2 Kb5 45. Kc3 Ne2+ 46. Kd2 Nd4 47. Rxg6 Kxb4 48. Rg4 Kc5 49. Kc3 Ne2+ 50. Kd2 Nd4 51. Ke3 Nc2+ 52. Ke4 Nb4 53. Rg3 Kd6 54. Rg5 Nc6 55. Rh5 Nb4 56. d4 Nc6 57. Rh6+ Kd7 58. Kd5 Ne7+ 59. Kc5 Nf5 60. Rh7+ Ke6 61. Ra7 Ne7 62. Ra6+ Kd7 63. d5 Nc8 64. Rh6 Ne7 65. Rh7 Kd8 66. Kd6 Nc8+ 67. Ke6 Nb6 68. d6 1-0

[Event "Madrid-ch Previa-A"]
[Site "Madrid"]
[Date "2022.03.16"]
[Round "6"]
[White "Lopez Heras, Arturo"]
[Black "Garcia Gonzalez, Pedro A"]
[Result "1-0"]
[WhiteElo "1757"]
[BlackElo "1710"]
[PlyCount "61"]
[EventDate "2022.03.07"]
[EventType "swiss"]
[EventRounds "9"]
[EventCountry "ESP"]
[SourceTitle "EXT 2023"]
[Source "ChessBase"]
[SourceDate "2022.10.05"]
[SourceVersion "1"]
[SourceVersionDate "2022.10.05"]
[SourceQuality "1"]

1. e4 e5 2. Nf3 Nc6 3. d4 exd4 4. Bc4 Nf6 5. e5 d5 6. Bb5 Ne4 7. 0-0 Bd7 8. Bxc6 bxc6 9. Nxd4 Be7 10. Nd2 Ng5 11. N2f3 Ne4 12. Nd2 c5 13. Nxe4 cxd4 14. Ng3 c5 15. Qf3 Be6 16. Nf5 Bxf5 17. Qxf5 Qd7 18. Qd3 0-0 19. f4 f6 20. Bd2 Rab8 21. b3 Rb6 22. Rae1 fxe5 23. fxe5 Rg6 24. Rxf8+ Bxf8 25. Rf1 Qe6 26. Qf3 Be7 27. h4 h6 28. h5 Rg4 29. Qh3 Bg5 30. Bxg5 hxg5 31. Rf3 1-0

[Event "Madrid-ch Previa-A"]
[Site "Madrid"]
[Date "2022.03.14"]
[Round "4"]
[White "Lopez Heras, Arturo"]
[Black "Diaz del Prado, Carlos"]
[Result "1-0"]
[WhiteElo "1757"]
[BlackElo "1375"]
[PlyCount "73"]
[EventDate "2022.03.07"]
[EventType "swiss"]
[EventRounds "9"]
[EventCountry "ESP"]
[SourceTitle "EXT 2023"]
[Source "ChessBase"]
[SourceDate "2022.10.05"]
[SourceVersion "1"]
[SourceVersionDate "2022.10.05"]
[SourceQuality "1"]

1. e4 e5 2. Nf3 Nf6 3. d4 Nxe4 4. Bd3 d5 5. Nxe5 Nd7 6. Nxd7 Bxd7 7. 0-0 Be7 8. c4 c6 9. Nc3 Nxc3 10. bxc3 Be6 11. cxd5 Qxd5 12. Be3 0-0 13. Qc2 g6 14. Rfe1 Rfe8 15. Bf4 Bf6 16. Be5 Bg7 17. Bxg7 Kxg7 18. Re5 Qd8 19. Rae1 Qf6 20. R1e3 Bd7 21. Rf3 Qd6 22. Qb3 Re7 23. Rxe7 Qxe7 24. Re3 Be6 25. c4 Qd6 26. Qxb7 Rb8 27. Qxa7 Rb2 28. g3 Rb4 29. a3 Rb8 30. c5 Qd8 31. Rxe6 Rb3 32. Re3 Qxd4 33. Qa6 Qa1+ 34. Kg2 Qd4 35. Qc4 Qb2 36. Rf3 Rb7 37. Be4 1-0

[Event "Madrid City-ch Seniors 65"]
[Site "Madrid"]
[Date "2021.03.08"]
[Round "1"]
[White "Gonzalez Rivera, Eduardo"]
[Black "Lopez Heras, Arturo"]
[Result "1-0"]
[WhiteElo "1999"]
[BlackElo "1750"]
[PlyCount "99"]
[EventDate "2021.03.08"]
[EventType "swiss"]
[EventRounds "7"]
[EventCountry "ESP"]
[SourceTitle "EXT 2022"]
[Source "ChessBase"]
[SourceDate "2021.10.06"]
[SourceVersion "1"]
[SourceVersionDate "2021.10.06"]
[SourceQuality "1"]

1. e4 c5 2. Nf3 d6 3. d4 cxd4 4. Nxd4 Nf6 5. Nc3 a6 6. Bc4 e6 7. Bb3 Nc6 8. 0-0 Be7 9. f4 0-0 10. Kh1 Nxd4 11. Qxd4 b5 12. f5 e5 13. Qd3 Bb7 14. Bg5 Rc8 15. Bxf6 Bxf6 16. Bd5 Rxc3 17. bxc3 Bxd5 18. Qxd5 Qc7 19. Rf3 Rc8 20. a4 Qa5 21. Qxd6 Rd8 22. Qb4 Qxa4 23. Qxa4 bxa4 24. Rd3 Rb8 25. g3 a3 26. Rxa3 Rb1+ 27. Kg2 Re1 28. Rxa6 h5 29. Kf3 Rf1+ 30. Ke2 Rh1 31. h4 Rh2+ 32. Kd1 Rh1+ 33. Kd2 Be7 34. Rd7 Bc5 35. Ra8+ Kh7 36. Rxf7 Rg1 37. f6 Rxg3 38. Rxg7+ Rxg7 39. fxg7 Kxg7 40. Ke2 Be7 41. Ra7 Kf8 42. Rxe7 Kxe7 43. c4 Kd6 44. Kd3 Kc6 45. Kc3 Kc5 46. Kb3 Kc6 47. Kb4 Kb6 48. c5+ Kc7 49. Kc4 Kc6 50. c3 1-0

[Event "Madrid-ch Seniors 65"]
[Site "Madrid"]
[Date "2020.03.09"]
[Round "1"]
[White "Beekhof Harmsen, Willen"]
[Black "Lopez Heras, Arturo"]
[Result "0-1"]
[WhiteElo "1437"]
[BlackElo "1751"]
[PlyCount "70"]
[EventDate "2020.03.09"]
[EventType "swiss"]
[EventRounds "8"]
[EventCountry "ESP"]
[SourceTitle "EXT 2021"]
[Source "ChessBase"]
[SourceDate "2020.10.23"]
[SourceVersion "1"]
[SourceVersionDate "2020.10.23"]
[SourceQuality "1"]

1. e4 g6 2. f4 d6 3. Nf3 Bg7 4. Nc3 c6 5. Bc4 Nf6 6. 0-0 b5 7. Bd3 0-0 8. e5 Ng4 9. Ne4 dxe5 10. h3 Nf6 11. fxe5 Nd5 12. c3 Bf5 13. Nh4 Bxe4 14. Bxe4 Bxe5 15. d4 Bg7 16. a4 e5 17. Nf3 exd4 18. Nxd4 Nf6 19. Bf3 bxa4 20. Rxa4 a5 21. Nxc6 Nxc6 22. Bxc6 Qb6+ 23. Rf2 Qxc6 24. Qf1 Qxa4 25. Be3 Rad8 26. Bd4 Rxd4 27. cxd4 Qxd4 28. Kh2 Qe5+ 29. g3 Ne4 30. Rg2 Rd8 31. Qe1 Rd3 32. Re2 f5 33. Kg2 Qxg3+ 34. Qxg3 Rxg3+ 35. Kh2 Rb3 0-1

[Event "Madrid-ch Previa-A"]
[Site "Madrid"]
[Date "2020.02.10"]
[Round "4"]
[White "Enriquez Pastor, Jorge"]
[Black "Lopez Heras, Arturo"]
[Result "0-1"]
[WhiteElo "1513"]
[BlackElo "1719"]
[PlyCount "90"]
[EventDate "2020.02.03"]
[EventType "swiss"]
[EventRounds "9"]
[EventCountry "ESP"]
[SourceTitle "EXT 2021"]
[Source "ChessBase"]
[SourceDate "2020.10.23"]
[SourceVersion "1"]
[SourceVersionDate "2020.10.23"]
[SourceQuality "1"]

1. e4 e5 2. Nf3 Nc6 3. Bb5 f5 4. exf5 e4 5. Qe2 Qe7 6. Bxc6 dxc6 7. Nd4 Nf6 8. Nc3 c5 9. Nb3 Bxf5 10. h3 c6 11. Qe3 Nd5 12. Qg3 Qd6 13. Qxd6 Bxd6 14. Nd1 0-0 15. Ne3 Nxe3 16. dxe3 b6 17. 0-0 Rf6 18. Bd2 Be5 19. Rab1 Raf8 20. Nc1 Bc8 21. c4 b5 22. b3 bxc4 23. bxc4 Ba6 24. f4 exf3 25. Rxf3 Rxf3 26. gxf3 Rxf3 27. Nd3 Bd6 28. Nf4 Bxc4 29. Kg2 Bxa2 30. Rb2 Bd5 31. Kg1 c4 32. Rb7 Be5 33. Kg2 Rxf4+ 34. Kg1 Rf3 35. Re7 c3 36. Bc1 Bf6 37. Re8+ Kf7 38. Ra8 Rxh3 39. Rxa7+ Ke6 40. Ra8 Rh1+ 41. Kf2 Rxc1 42. Re8+ Kd7 43. Ra8 c2 44. Ra7+ Kd6 45. Ke2 Rd1 0-1

[Event "Madrid-ch Seniors 50"]
[Site "Madrid"]
[Date "2020.01.15"]
[Round "3"]
[White "Lopez Heras, Arturo"]
[Black "Pastor Alonso de Prado, Emilio Alberto"]
[Result "0-1"]
[WhiteElo "1742"]
[BlackElo "2074"]
[PlyCount "40"]
[EventDate "2020.01.13"]
[EventType "swiss"]
[EventRounds "9"]
[EventCountry "ESP"]
[SourceTitle "CBM 194 Extra"]
[Source "ChessBase"]
[SourceDate "2020.03.31"]
[SourceVersion "1"]
[SourceVersionDate "2020.03.31"]
[SourceQuality "1"]

1. e4 c6 2. d4 d5 3. exd5 cxd5 4. c4 Nf6 5. Nc3 Nc6 6. Bg5 Qb6 7. c5 Qxb2 8. Nb5 Ne4 9. Be3 Qb4+ 10. Bd2 Nxd2 11. Qxd2 Kd8 12. Nf3 Qxd2+ 13. Kxd2 f6 14. Nc3 Bg4 15. Be2 e6 16. Ng5 fxg5 17. Bxg4 Nxd4 18. Rhe1 Bxc5 19. Bxe6 Bb4 20. Re5 Nxe6 0-1

[Event "Madrid-ch Seniors 50"]
[Site "Madrid"]
[Date "2020.01.13"]
[Round "1"]
[White "Lopez Heras, Arturo"]
[Black "Martin Rodriguez, Emilio"]
[Result "1/2-1/2"]
[WhiteElo "1742"]
[BlackElo "2026"]
[PlyCount "87"]
[EventDate "2020.01.13"]
[EventType "swiss"]
[EventRounds "9"]
[EventCountry "ESP"]
[SourceTitle "CBM 194 Extra"]
[Source "ChessBase"]
[SourceDate "2020.03.31"]
[SourceVersion "1"]
[SourceVersionDate "2020.03.31"]
[SourceQuality "1"]

1. e4 d5 2. exd5 Qxd5 3. Nc3 Qd8 4. d4 Nf6 5. Bg5 e6 6. Nf3 Be7 7. Be2 0-0 8. 0-0 Nbd7 9. Ne5 c6 10. Bd3 Qc7 11. Nxd7 Qxd7 12. Ne2 Rd8 13. c3 c5 14. Qc2 h6 15. Bxf6 Bxf6 16. Rad1 cxd4 17. Nxd4 Qe7 18. Rfe1 Bd7 19. Nf5 Qf8 20. Ng3 g6 21. Ne4 Bg7 22. Re3 Bc6 23. h4 Rd5 24. Bc4 Re5 25. Rde1 Bxe4 26. Rxe4 Rc5 27. b4 Rc6 28. Bb5 Rxc3 29. Qe2 Rac8 30. Bc4 a6 31. h5 g5 32. Bb3 Kh8 33. f4 gxf4 34. Rxf4 Qd8 35. Qg4 Rc1 36. Bd1 Qg5 37. Qxg5 hxg5 38. Rxf7 Bc3 39. Ref1 Rd8 40. Bb3 Bd4+ 41. Kh2 Rxf1 42. Rxf1 Be5+ 43. Kg1 Rd6 44. Rf7 1/2-1/2

[Event "Tres Cantos op 11th"]
[Site "Tres Cantos"]
[Date "2019.06.26"]
[Round "5"]
[White "Lopez Heras, Arturo"]
[Black "Lizon Martinez, Santiago"]
[Result "0-1"]
[WhiteElo "1809"]
[BlackElo "1739"]
[PlyCount "104"]
[EventDate "2019.06.22"]
[EventType "swiss"]
[EventRounds "9"]
[EventCountry "ESP"]
[SourceTitle "CBM 195 Extra"]
[Source "ChessBase"]
[SourceDate "2020.05.31"]
[SourceVersion "1"]
[SourceVersionDate "2020.05.31"]
[SourceQuality "1"]

1. e4 c5 2. Nf3 d6 3. d4 cxd4 4. Nxd4 Nf6 5. Nc3 a6 6. Be2 e5 7. Nb3 Be6 8. 0-0 Be7 9. Kh1 Nbd7 10. a4 0-0 11. a5 Qc7 12. Be3 Rac8 13. f4 exf4 14. Rxf4 Ne5 15. Nd4 Nc4 16. Bxc4 Qxc4 17. Nf5 Bxf5 18. exf5 Qc6 19. Bd4 Rfe8 20. Qd3 Nh5 21. Re4 Bf6 22. Bxf6 Nxf6 23. Rh4 Re5 24. Rd4 Rce8 25. Kg1 Qc5 26. b4 Qa7 27. Rd1 Ng4 28. g3 Ne3 29. Re1 Nxf5 30. Rd1 Nxd4 31. Qxd4 Re1+ 32. Kg2 Qxd4 33. Rxd4 Rc1 34. Rd2 Rc8 35. Re2 f5 36. Nd5 R8xc2 37. Rxc2 Rxc2+ 38. Kf3 Kf7 39. h4 Rd2 40. Ne3 Rd3 41. Kf4 Rxe3 42. Kxe3 Kf6 43. Kd4 Ke6 44. Kc4 Ke5 45. b5 d5+ 46. Kc5 d4 47. Kb6 d3 48. Kxb7 d2 49. Kxa6 d1Q 50. b6 Qd3+ 51. Kb7 Qb5 52. a6 Kd6 0-1

[Event "Tres Cantos op 11th"]
[Site "Tres Cantos"]
[Date "2019.06.23"]
[Round "2"]
[White "Mazo Fernandez, Roberto"]
[Black "Lopez Heras, Arturo"]
[Result "1-0"]
[WhiteElo "1956"]
[BlackElo "1809"]
[PlyCount "57"]
[EventDate "2019.06.22"]
[EventType "swiss"]
[EventRounds "9"]
[EventCountry "ESP"]
[SourceTitle "CBM 195 Extra"]
[Source "ChessBase"]
[SourceDate "2020.05.31"]
[SourceVersion "1"]
[SourceVersionDate "2020.05.31"]
[SourceQuality "1"]

1. d4 d5 2. c4 e6 3. Nc3 Nf6 4. cxd5 exd5 5. Bg5 Be7 6. e3 0-0 7. Bd3 c6 8. Nge2 Ne4 9. Bf4 f5 10. 0-0 Nd7 11. Rb1 Ndf6 12. b4 a6 13. a4 g5 14. Be5 Ng4 15. Qc1 Nxe5 16. dxe5 Be6 17. Nd4 Qd7 18. Nce2 c5 19. Nxe6 Qxe6 20. f3 Qxe5 21. fxe4 fxe4 22. Bc2 Bd6 23. g3 cxb4 24. Qd2 Bc5 25. Bb3 Rad8 26. Nd4 h5 27. Rxf8+ Bxf8 28. Rf1 Qc7 29. Ne6 1-0

[Event "Madrid-ch Previa-A"]
[Site "Madrid"]
[Date "2019.02.20"]
[Round "9"]
[White "Lopez de Turiso, Jose Angel"]
[Black "Lopez Heras, Arturo"]
[Result "1/2-1/2"]
[WhiteElo "1970"]
[BlackElo "1868"]
[PlyCount "125"]
[EventDate "2019.02.04"]
[EventType "swiss"]
[EventRounds "9"]
[EventCountry "ESP"]
[SourceTitle "EXT 2021"]
[Source "ChessBase"]
[SourceDate "2020.10.23"]
[SourceVersion "1"]
[SourceVersionDate "2020.10.23"]
[SourceQuality "1"]

1. e4 c5 2. Nf3 d6 3. Bb5+ Nd7 4. a4 a6 5. Be2 Ngf6 6. Nc3 e6 7. 0-0 Be7 8. d4 cxd4 9. Nxd4 0-0 10. Kh1 Nc5 11. Bf3 e5 12. Nf5 Bxf5 13. exf5 e4 14. Be2 d5 15. Be3 Qd6 16. Qd2 Qe5 17. Rfd1 Qxf5 18. Nxd5 Nxd5 19. Qxd5 Qc8 20. b4 Rd8 21. Qc4 Rxd1+ 22. Bxd1 Ne6 23. Qb3 Bf6 24. Rc1 Qc3 25. Bg4 Qxb3 26. cxb3 Nd4 27. Rc8+ Rxc8 28. Bxc8 Nc6 29. Bxb7 Nxb4 30. Bxe4 Bd8 31. Bc5 a5 32. Kg1 g6 33. g4 Kg7 34. Kf1 Kf6 35. f4 Ke6 36. Ke2 Nd5 37. Kf3 Bc7 38. f5+ Ke5 39. fxg6 fxg6 40. h4 Nc3 41. Bc6 Na2 42. Ke3 Nc1 43. b4 Nb3 44. Bf8 axb4 45. Bxb4 Na5 46. Bb5 Kd5 47. Kd3 Bb6 48. Be1 Bd8 49. Bf2 Ke5 50. Bg3+ Kd5 51. Be8 Nc6 52. Bxc6+ Kxc6 53. Kc4 Ba5 54. Bf2 Bd8 55. Be1 h5 56. gxh5 gxh5 57. Kd4 Bf6+ 58. Kc4 Bd8 59. Bf2 Ba5 60. Be3 Be1 61. Bg5 Kb6 62. Bd8+ Ka6 63. Kd5 1/2-1/2

[Event "Collado Villalba op-A 35th"]
[Site "Collado Villalba"]
[Date "2018.08.28"]
[Round "5"]
[White "Lopez Heras, Arturo"]
[Black "Rojas Pozo, Jose Luis"]
[Result "1/2-1/2"]
[WhiteElo "1863"]
[BlackElo "1966"]
[PlyCount "112"]
[EventDate "2018.08.24"]
[EventType "swiss"]
[EventRounds "9"]
[EventCountry "ESP"]
[SourceTitle "CBM 186 Extra"]
[Source "ChessBase"]
[SourceDate "2018.08.24"]
[SourceVersion "1"]
[SourceVersionDate "2018.08.24"]
[SourceQuality "1"]

1. e4 e5 2. Nf3 Nc6 3. d4 exd4 4. Nxd4 Bc5 5. Nxc6 bxc6 6. Bd3 Qh4 7. Qe2 Nf6 8. Be3 Bxe3 9. Qxe3 0-0 10. Nd2 Re8 11. Qg3 Qxg3 12. hxg3 Nxe4 13. Nxe4 d5 14. 0-0-0 dxe4 15. Rde1 Bf5 16. Bc4 Kf8 17. Rh5 Bg6 18. Rc5 Re7 19. Rxc6 f5 20. Rh1 Bf7 21. Bxf7 Rxf7 22. Rxh7 Kg8 23. Rh5 Rd8 24. Rh4 Rd6 25. Rc3 Rfd7 26. Rh1 Rd2 27. Rxc7 R7d6 28. Rf1 Re2 29. Rc3 Rdd2 30. b4 Rxf2 31. Rxf2 Rxf2 32. b5 Rxg2 33. a4 Rg1+ 34. Kb2 Kf8 35. a5 Rd1 36. b6 axb6 37. axb6 Rd6 38. Rb3 Rd8 39. c4 Ke7 40. b7 Rb8 41. Kc3 Kd7 42. Rb5 g6 43. Rb6 Kc7 44. Rxg6 Kxb7 45. Kd4 Rd8+ 46. Ke3 Rd3+ 47. Kf4 Rf3+ 48. Ke5 e3 49. Kd4 e2 50. Re6 Rxg3 51. Rxe2 Rf3 52. c5 Rf1 53. Re7+ Kc6 54. Re6+ Kc7 55. Rf6 Rd1+ 56. Ke3 Rd5 1/2-1/2